00478 2200205 4500001002100000008004100021035002000062245003900082100001700121250000600138260003300144300001100177084001400188082000800202650001400210990001200224990001200236990001200248990001200260INLIS000000000000521 ind  a0010-0424000497 aTeknik Pangkas RambutcSiti Sahida aSahida, Siti a1 aKlaten :bIntan Sejatic2015 a76 hlm a600 SIT t a600 aNon Fiksi a0722112 a0722113 a0722114 a0722115